| 000 | 01025cam a2200253 4500 | ||
|---|---|---|---|
| 008 | 000000n2002 000 0 eng u | ||
| 020 | _a0632057432 | ||
| 035 | _a(Sirsi) u109831 | ||
| 050 | _a344.41046 | ||
| 100 | _aRees, P. | ||
| 245 | _aUrban environments and wildlife law : a manual for sustainable development | ||
| 260 |
_aOxford _bBlackwell _c2002 |
||
| 300 |
_axx,420p. _bill. _c26cm. |
||
| 350 | _a37.50 | ||
| 520 | _aAn authoritative guide to wildlife and nature conservation law in the UK aimed at construction professionals and considering: the legal and planning issues surrounding biodiversity, nature conservation and construction; how ecosystems work and why some elements need protection; where to find the relevant legislation, help and advice. | ||
| 650 | _aECOSYSTEMS | ||
| 650 | _aCONSERVATION | ||
| 650 | _aCONSTRUCTION INDUSTRY | ||
| 650 | _aNATURE CONSERVATION | ||
| 650 | _aPLANNING | ||
| 650 | _aWILDLIFE CONSERVATION | ||
| 690 | _aENVIRONMENTAL AND LAND CONSULTANCY | ||
| 942 | _n0 | ||
| 999 |
_c101001 _d101001 |
||